000 00724cam a22002533a 4500
001 32496
003 PGUSA
005 20140828083714.0
008 100523s2010||||xxu|||||s|||||000 1 eng d
040 _aPGUSA
_beng
042 _adc
050 4 _aPZ
100 1 _aDouglas, Amanda M.,
_d1831-1916
245 1 0 _aHelen Grant's Schooldays
_h[electronic resource] /
_cAmanda M. Douglas
260 _bProject Gutenberg,
_c2010
506 _aPublic domain in the USA.
516 _aElectronic text
653 _aBoarding schools -- Juvenile fiction
653 _aGirls -- Juvenile fiction
700 1 _aBrooks, Amy
830 0 _aProject Gutenberg
_v32496
856 4 0 _uhttp://www.gutenberg.org/ebooks/32496
942 _cEB
999 _c261751
_d261751